| 000 | 00474nam a2200181Ia 4500 | ||
|---|---|---|---|
| 001 | 23200 | ||
| 005 | 20260414150921.0 | ||
| 008 | 260414t2010||||xx |||||||||||||| ||spa|| | ||
| 041 | _aESP | ||
| 082 |
_a625.8 _bM84 T. 1 |
||
| 100 |
_aMontejo Fonseca, Alfonso _eAUT |
||
| 245 | 0 |
_aIngeniería de pavimentos : _bfundamentos, estudios básicos y diseño |
|
| 260 | _c2010 | ||
| 300 |
_a612 páginas : _c24 cm. |
||
| 650 | _a0 | ||
| 654 | _aCIC | ||
| 942 |
_cLIB _dJUS _fJUS _2ddc _n |
||
| 999 |
_c23200 _d23200 |
||